00818nam a22002177a 450000500170000001000150001702000270003203500140005903700090007308200160008210000250009824500800012326000650020327000960026830000220036460000250038670000100041194200300042199900190045195201300047020250402120936.0 aENG-144403 a9788195441990c1250.00 aEN-127935 bDBAD a726.5095464 aFalconer,John980098 aEarly Photography and Archaeology in Western IndiacJhon FalconerhEnglish  aMumbaibChhatrapati Shivaji Maharaj Vastu Sangrahalayac2022 a159-161, M.G.Road , Fort bMumbaie400023k+91-22-22844484 /22844519mcsmvsmumbai@gmail.com a141.pc25cm. (Pb) dJohn Falconer980099 980043 2ddccENh726.5095464mFAL c210645d210645 001040718NFICaAVbAVd2025-04-02g1250.00l0o726.5095464 FALpEN-127935r2025-04-02 00:00:00t1v1250.00w2025-04-02yEN